Statistics for Kosovo License Plates

Click here to take the quiz!

General Stats

  • This quiz has been taken 19 times
  • The average score is 6 of 7

Answer Stats

HintAnswer% Correct
01Prishtinë/Priština
100%
02Mitrovicë/Mitrovica
94%
03Pejë/Peć
88%
04Prizren
88%
07Gjakovë/Đakovica
82%
05Ferizaj/Uroševac
76%
06Gjilan/Gnijlane
76%

Score Distribution

Percentile by Number Answered

Percent of People with Each Score

Your Score History

You have not taken this quiz